| 000 | 00935nam a2200217 4500 | ||
|---|---|---|---|
| 005 | 20250329160703.0 | ||
| 008 | 250329b |||||||| |||| 00| 0 eng d | ||
| 020 | _a9788178800172 | ||
| 037 | _cTextual | ||
| 040 |
_aRTL _cRTL |
||
| 084 |
_aU:(G:55) R0 _qRTL |
||
| 100 |
_aSubbarao, S. _982400 |
||
| 245 | _aEthics of ecology and environment | ||
| 260 |
_aNew Delhi _bRajat Publications _c2001 |
||
| 300 |
_aVI, 412p. _bIncludes bibliography and index |
||
| 520 | _aThe newly emerging concept of ecology and environment has moved in to the mainstream of public life as a major national and international concern. This provides important opportunities for environmental sociologists to contribute to the understanding and solution of these problems. | ||
| 650 | _aEnvironmental ethics | ||
| 650 |
_aEcology--Moral and ethical aspects _9751638 |
||
| 650 | _aGeography | ||
| 942 |
_2CC _n0 _cTB _hU:(G:55) R0 |
||
| 999 |
_c1308304 _d1308304 |
||